000 01336nam a2200253Ia 4500
999 _c34410
_d34410
001 115
003 GE_BSU
005 20220818142610.0
008 181216s2007||||ge |||||||||||||| ||geo||
020 _a9789994067404
040 _cGE_BSU
041 _ageo
080 _aUDC94(479.22),,19''+329.141(479.22) ჯ–69
100 _aჯონსი, სტივენ ფ.
_914545
245 _aსოციალიზმი ქართულ ფერებში = Socialism in georgian colors :
_bსოციალ-დემოკრატიის ევროპული გზა [1883-1917] /
_c სტივენ ფ. ჯონსი ; [მთარგმნ. ხათუნა ჩხეიძე ; რედ. ნინო ჭიაბრიშვილი].
264 _aთბილისი :
_bილია ჭავჭავაძის სახელმწ. უნ-ტის გამ-ბა,
_c2007.
300 _a427 გვ.:
_bფოტ. ;
_c28 სმ.
500 _aშენიშვნ.: გვ. 357-413.
501 _aანბ. საძ.: გვ. 414-427.
653 _aისტორია
653 _aსაქართველოს ახალი ისტორია
653 _aსოციალ-დემოკრატია საქართველოში.
942 _cBK
_2udc